Finanzas internacionales

Guardat en:
Dades bibliogràfiques
Autor principal: Jiménez Bermejo, Patricio (autor)
Format: Llibre
Idioma:espanyol
Publicat: Santiago Jurídica ConoSur 1998
Matèries:
Etiquetes: Afegir etiqueta
Sense etiquetes, Sigues el primer a etiquetar aquest registre!

MARC

LEADER 00000nam a2200000 a 4500
001 UCR7140
003 CL-VaPUC
008 980514e19980000CL |||||||||||||||||spa|d
082 0 4 |a 332.042  |b JIM  |2 21 
100 |a Jiménez Bermejo, Patricio  |e autor  |9 485010 
245 1 0 |a Finanzas internacionales 
300 |a 328 p 
942 |c BK 
945 |d 19980514 00:00:00  |a rbrito 
260 |a Santiago  |b Jurídica ConoSur  |c 1998 
650 0 |a Economía   |9 255568 
650 0 |a Finanzas internacionales   |9 255570 
650 7 |a SISTEMAS MONETARIOS  |2 CL-VaPUC  |9 342366 
650 0 |a Mercado internacional  |9 337380 
650 0 |a Balanza de pagos  |9 316476 
650 0 |a Mercado financiero  |9 334172 
583 |a last modification  |c 19980514 00:00:00  |k Rodrigo Vera 
999 |c 268959  |d 268957 
952 |0 0  |1 0  |4 0  |6 332_042000000000000_JIM_1998  |7 0  |8 A  |9 302490  |a BIBGIM  |b BIBGIM  |d 2019-11-20  |i 3423980  |o 332.042 JIM 1998  |p 3423980  |r 2025-01-15  |w 2019-11-20  |y BK  |k COM 
952 |0 0  |1 0  |4 0  |6 332_042000000000000_JIM_1998  |7 0  |8 A  |9 302491  |a BIBGIM  |b BIBGIM  |d 2019-11-20  |i 3423999  |o 332.042 JIM 1998  |p 3423999  |r 2025-01-15  |w 2019-11-20  |y BK  |k COM 
952 |0 0  |1 0  |4 0  |6 332_042000000000000_JIM_1998  |7 0  |8 A  |9 302492  |a BIBENE  |b BIBENE  |d 2019-11-20  |i 3529118  |o 332.042 JIM 1998  |p 3529118  |r 2025-01-15  |w 2019-11-20  |y BK  |k ICO 
952 |0 0  |1 0  |4 0  |6 332_042000000000000_JIM_1998  |7 0  |8 A  |9 302493  |a BIBGIM  |b BIBGIM  |d 2019-11-20  |i 3750558  |o 332.042 JIM 1998  |p 3750558  |r 2025-01-15  |w 2019-11-20  |y BK  |k COM 
952 |0 0  |1 0  |4 0  |6 332_042000000000000_JIM_1998  |7 0  |8 A  |9 302494  |a BIBGIM  |b BIBGIM  |d 2019-11-20  |i 3750566  |o 332.042 JIM 1998  |p 3750566  |r 2025-01-15  |w 2019-11-20  |y BK  |k COM 
952 |0 0  |1 0  |4 0  |6 332_042000000000000_JIM_1998  |7 0  |8 A  |9 302495  |a BIBGIM  |b BIBGIM  |d 2019-11-20  |i 3750574  |o 332.042 JIM 1998  |p 3750574  |r 2025-01-15  |w 2019-11-20  |y BK  |k COM 
952 |0 0  |1 0  |4 0  |6 332_042000000000000_JIM_1998  |7 0  |8 A  |9 302496  |a BIBGIM  |b BIBGIM  |d 2019-11-20  |i 3756432  |o 332.042 JIM 1998  |p 3756432  |r 2025-01-15  |w 2019-11-20  |y BK  |k COM 
952 |0 0  |1 0  |4 0  |6 332_042000000000000_JIM_1998  |7 0  |8 A  |9 302497  |a BIBGIM  |b BIBGIM  |d 2019-11-20  |i 3756440  |o 332.042 JIM 1998  |p 3756440  |r 2025-01-15  |w 2019-11-20  |y BK  |k COM 
952 |0 0  |1 0  |4 0  |6 332_042000000000000_JIM_1998  |7 0  |8 A  |9 302498  |a BIBGIM  |b BIBGIM  |d 2019-11-20  |i 3756459  |o 332.042 JIM 1998  |p 3756459  |r 2025-01-15  |w 2019-11-20  |y BK  |k COM 
952 |0 0  |1 0  |4 0  |6 332_042000000000000_JIM_1998  |7 0  |8 A  |9 302499  |a BIBGIM  |b BIBGIM  |d 2019-11-20  |i 3756467  |o 332.042 JIM 1998  |p 3756467  |r 2025-01-15  |w 2019-11-20  |y BK  |k COM 
952 |0 0  |1 0  |4 0  |6 332_042000000000000_JIM_1998  |7 0  |8 A  |9 302500  |a BIBGIM  |b BIBGIM  |d 2019-11-20  |i 3899306  |o 332.042 JIM 1998  |p 3899306  |r 2025-01-15  |w 2019-11-20  |y BK  |k GIM 
952 |0 0  |1 0  |4 0  |6 332_042000000000000_JIM_1998  |7 0  |8 A  |9 302501  |a BIBGIM  |b BIBGIM  |d 2019-11-20  |i 3899314  |o 332.042 JIM 1998  |p 3899314  |r 2025-01-15  |w 2019-11-20  |y BK  |k GIM